| Tag |
First Indicator |
Second Indicator |
Subfields |
| LEADER |
00000cas a2200000Ia 4500 |
| 001 |
in00002092016 |
| 005 |
20151102144142.0 |
| 006 |
m d |
| 007 |
cr mnu-------- |
| 008 |
041109c20049999ne br pss 0 a0eng d |
| 022 |
|
|
|y 1570-5870
|
| 029 |
1 |
|
|a OCLCS
|b 120360
|
| 035 |
|
|
|a (OCoLC)ocm56939019
|
| 037 |
|
|
|b IOS Press, Nieuwe Hemweg 6B, 1013 Bg Amsterdam, The Netherlands
|
| 040 |
|
|
|a F#A
|c F#A
|d TXA
|d UtOrBLW
|
| 049 |
|
|
|a TXAM
|
| 090 |
|
|
|a RC261.A1
|b C45 Electronic
|
| 092 |
|
|
|a 616.994
|
| 130 |
0 |
|
|a Cellular oncology (Online)
|
| 245 |
1 |
0 |
|a Cellular oncology.
|
| 264 |
|
1 |
|a Amsterdam :
|b IOS Press,
|c [2004-]
|
| 264 |
|
4 |
|c ©2004-
|
| 310 |
|
|
|a Six no. a year
|
| 336 |
|
|
|a text
|b txt
|2 rdacontent
|
| 337 |
|
|
|a computer
|b c
|2 rdamedia
|
| 338 |
|
|
|a online resource
|b cr
|2 rdacarrier
|
| 362 |
0 |
|
|a Vol. 26, no. 1/2 (2004)-
|
| 500 |
|
|
|a Title from journal information screen (FirstSearch, viewed Nov. 8, 2004).
|
| 530 |
|
|
|a Also issued in print.
|
| 538 |
|
|
|a Mode of access: World Wide Web.
|
| 550 |
|
|
|a The official journal of the International Society for Cellular Oncology.
|
| 500 |
|
|
|a Electronic resource.
|
| 650 |
|
0 |
|a Cancer
|v Periodicals.
|
| 650 |
|
0 |
|a Cancer cells
|v Periodicals.
|
| 650 |
|
0 |
|a Oncology, Experimental
|v Periodicals.
|
| 710 |
2 |
|
|a International Society for Cellular Oncology.
|
| 776 |
1 |
|
|t Cellular oncology
|x 1570-5870
|w (DLC) 2004243665
|w (OCoLC)56530395
|
| 780 |
0 |
0 |
|t Analytical cellular pathology (Online)
|w (OCoLC)41208263
|
| 948 |
|
|
|a cataloged
|b h
|c 2005/11/2
|d c
|e pbump
|
| 994 |
|
|
|a C0
|b TXA
|
| 999 |
|
|
|a MARS
|
| 999 |
f |
f |
|s 1b34f2ab-f977-36ca-b578-26327edbc87a
|i 544b982f-edbf-3a0b-b041-e17f09364160
|t 0
|
| 952 |
f |
f |
|a Texas A&M University
|b College Station
|c Electronic Resources
|d Available Online
|t 0
|e RC261.A1 C45
|g Electronic
|h Library of Congress classification
|
| 998 |
f |
f |
|a RC261.A1 C45
|t 0
|l Available Online
|